000
00310nam a2200133Ia 4500
008
191201s2011 xx 000 0 und d
100
_a
ZACKER, Craig
245
0
_a
Complete Reference PC Hard ware
250
_a
20 Rep
260
_c
2011
_b
MGH
_a
N. delhi
300
_a
697
650
_a
CSE
942
_2
ddc
_c
BB
_0
1
999
_c
7427
_d
7427